000 00299nam a2200109Ia 4500
008 200302s9999 xx 000 0 und d
100 _aMiyoung Pyo
245 _aConstruction and Design Manual Architectural and Program Diagrams 1
260 _bDom Publishing Co.,
260 _c2012
300 _a413 P.,
999 _c3165
_d3165